<?xml version="1.0" encoding="UTF-8"?>
<record
    xmlns:xsi="http://www.w3.org/2001/XMLSchema-instance"
    xsi:schemaLocation="http://www.loc.gov/MARC21/slim http://www.loc.gov/standards/marcxml/schema/MARC21slim.xsd"
    xmlns="http://www.loc.gov/MARC21/slim">

  <leader>05998nam a2200505Ia 4500</leader>
  <controlfield tag="001">dia_6568</controlfield>
  <controlfield tag="003">CHAP</controlfield>
  <controlfield tag="005">20240717182702.0</controlfield>
  <controlfield tag="007">ta</controlfield>
  <controlfield tag="008">220117s2017    mx abdofrm    001 0 spa d</controlfield>
  <datafield tag="010" ind1=" " ind2=" ">
    <subfield code="a">177551</subfield>
  </datafield>
  <datafield tag="040" ind1=" " ind2=" ">
    <subfield code="c">CHAP</subfield>
    <subfield code="a">mxchpua</subfield>
  </datafield>
  <datafield tag="041" ind1="0" ind2=" ">
    <subfield code="a">spa</subfield>
    <subfield code="b">eng</subfield>
  </datafield>
  <datafield tag="090" ind1=" " ind2=" ">
    <subfield code="a">Tesis </subfield>
    <subfield code="b">F562 </subfield>
    <subfield code="c">2017</subfield>
  </datafield>
  <datafield tag="100" ind1="1" ind2=" ">
    <subfield code="a">Flores Figueroa, Irma Corin</subfield>
  </datafield>
  <datafield tag="240" ind1="1" ind2="0">
    <subfield code="a">Potential of zucchini (Cucurbita pepo L.) and corn (Zea mays L.) var. V-55 A flours as possible ingredients in the manufacture of gluten free pasta.</subfield>
    <subfield code="l">Espa&#xF1;ol</subfield>
  </datafield>
  <datafield tag="245" ind1="1" ind2="0">
    <subfield code="a">Potencial de harinas de calabacita zucchini (Cucurbita pepo L.) y de ma&#xED;z (Zea mays L.) var. V-55 A como posibles ingredientes en la elaboraci&#xF3;n de pastas libres de gluten / </subfield>
    <subfield code="c">Irma Corin Flores Figueroa</subfield>
  </datafield>
  <datafield tag="264" ind1=" " ind2=" ">
    <subfield code="a">Chapingo, M&#xE9;xico :</subfield>
    <subfield code="b">El autor,</subfield>
    <subfield code="c">2017</subfield>
  </datafield>
  <datafield tag="300" ind1=" " ind2=" ">
    <subfield code="a">xiii, 111 hojas :</subfield>
    <subfield code="b">ilustraciones, mapas, gr&#xE1;ficasm diagramas, tablas, fotos +</subfield>
    <subfield code="e">1 CD-ROM</subfield>
  </datafield>
  <datafield tag="336" ind1=" " ind2=" ">
    <subfield code="2">rdacontent</subfield>
    <subfield code="a">texto</subfield>
    <subfield code="b">txt</subfield>
  </datafield>
  <datafield tag="337" ind1=" " ind2=" ">
    <subfield code="2">rdamedia</subfield>
    <subfield code="a">no mediado</subfield>
    <subfield code="b">n</subfield>
  </datafield>
  <datafield tag="338" ind1=" " ind2=" ">
    <subfield code="2">rdacarrier</subfield>
    <subfield code="a">volumen</subfield>
    <subfield code="b">nc</subfield>
  </datafield>
  <datafield tag="500" ind1=" " ind2=" ">
    <subfield code="a">El CD contiene reporte</subfield>
  </datafield>
  <datafield tag="502" ind1=" " ind2=" ">
    <subfield code="a">Tesis </subfield>
    <subfield code="b">(Ingeniero Agroindustrial) -- </subfield>
    <subfield code="c">UACh. Departamento de Ingenier&#xED;a Agroindustrial, </subfield>
    <subfield code="d">2017</subfield>
  </datafield>
  <datafield tag="504" ind1=" " ind2=" ">
    <subfield code="a">Bibliograf&#xED;a: hojas 95-106</subfield>
  </datafield>
  <datafield tag="520" ind1="3" ind2=" ">
    <subfield code="a">La producci&#xF3;n de calabacita zucchini en el estado de Sonora, enfrenta la problem&#xE1;tica de no cumplir con las especificaciones de calidad que se estipulan para su comercializaci&#xF3;n en el extranjero, alcanzando p&#xE9;rdidas mayores al 30 %. Sin embargo, estos frutos conservan sus propiedades nutrimentales, adem&#xE1;s de la ventaja de no contener gluten. Por lo que el objetivo de esta investigaci&#xF3;n fue evaluar el potencial de harinas de calabacita y de ma&#xED;z nixtamalizado, para su incorporaci&#xF3;n en la formulaci&#xF3;n de pastas libres de gluten. La materia prima: calabacita zucchini variedades Grey y Black, se caracteriz&#xF3; determinando el porcentaje de humedad, aw, pH, acidez titulable, solidos solubles totales y color de c&#xE1;scara y pulpa. Para el ma&#xED;z, variedades V-55 A y ASGROW-A 7573 adem&#xE1;s del porcentaje de humedad y aw, el peso hectol&#xED;trico, &#xED;ndice de flotaci&#xF3;n, peso de 100 granos y color fueron evaluados. Para la obtenci&#xF3;n de las harinas de calabacita se hizo un secado de calabacitas en rebanadas, para despu&#xE9;s molerlas. La obtenci&#xF3;n de las harinas de ma&#xED;z nixtamalizado se llev&#xF3; a cabo por dos m&#xE9;todos que se diferenciaron &#xFA;nicamente en la molienda. A las harinas se les determin&#xF3; las propiedades de hidrataci&#xF3;n, propiedades de gelificaci&#xF3;n, distribuci&#xF3;n de tama&#xF1;o de part&#xED;cula y caracter&#xED;sticas fisicoqu&#xED;micas. Las harinas de calabacita registraron valores mayores en relaci&#xF3;n a las harinas de ma&#xED;z, en las propiedades de hidrataci&#xF3;n y gelificaci&#xF3;n y porcentaje de prote&#xED;na. Finalmente se eligieron las harinas V-55 A (M&#xE9;todo 1) y z. Black, las cuales presentaron mayor capacidad de retenci&#xF3;n de agua, capacidad de uni&#xF3;n de agua, &#xED;ndice de absorci&#xF3;n de agua y poder de hinchamiento, comparadas con sus hom&#xF3;logas; con las que se hicieron cinco masas con diferentes proporciones de estas harinas y se evalu&#xF3; la fuerza de la masa, siendo las mezclas C (50:50) y D (25:75) las que presentaron gr&#xE1;ficos que se asemejan m&#xE1;s a aquellos de masas con semolina, por lo que estas proporciones podr&#xED;an funcionar como bases para la formulaci&#xF3;n de pastas libres de gluten. --</subfield>
  </datafield>
  <datafield tag="520" ind1="3" ind2=" ">
    <subfield code="a">The production of zucchini squash in the state of Sonora faces the problem of not accomplishing the quality specifications stipulated for commercialization abroad, reaching losses of more than 30%. However, these fruits retain their nutritional properties, in addition to the advantage of not containing gluten. Therefore, the objective of this research was to evaluate the potential of squash meal and nixtamalized corn, for incorporation in the formulation of a gluten free pasta. The raw material, zucchini varieties Gray and Black, were characterized by determining the percentage of moisture, aw, pH, titratable acidity, total soluble solids and color of shell and pulp. For maize varieties V-55 A and ASGROW-A 7573 in addition to the percentage of moisture and aw, test weight, flotation index, weight of 100 grains and color were analyzed. For the preparation of the squash meal, slices of zucchini were dried and then ground. The production of nixtamalized maize flours was carried out by two methods that differed only in grinding. To the flours the hydration properties, gelling properties, particle size distribution and physicochemical characteristics were determined. Squash meal recorded higher values in relation to corn flours, in the properties of hydration and gelation and percentage of protein. Flours V-55 A (Method 1) and zucchini Black were finally selected. Zucchini Black, which presented greater water retention capacity, water binding capacity, water absorption index and swelling power, compared with their homologues; with which were made five doughs with different proportions of these flours and the strength of the mass was evaluated, being the mixtures C (50:50) and D (25:75) those that presented graphs that resemble more those of doughs with semolina, so that these proportions could serve as bases for the formulation of gluten-free pasta.</subfield>
  </datafield>
  <datafield tag="650" ind1="1" ind2="3">
    <subfield code="a">Alimentos sin gluten  </subfield>
    <subfield code="2">atg</subfield>
  </datafield>
  <datafield tag="650" ind1="1" ind2="3">
    <subfield code="a">Harina de ma&#xED;z  </subfield>
    <subfield code="2">atg</subfield>
  </datafield>
  <datafield tag="650" ind1="1" ind2="3">
    <subfield code="a">Harina</subfield>
    <subfield code="x">Calabacitas   </subfield>
    <subfield code="2">atg</subfield>
  </datafield>
  <datafield tag="650" ind1="1" ind2="3">
    <subfield code="a">Pasta alimentaria  </subfield>
    <subfield code="2">atg</subfield>
  </datafield>
  <datafield tag="650" ind1="1" ind2="3">
    <subfield code="a">Corn flour  </subfield>
    <subfield code="2">atg</subfield>
  </datafield>
  <datafield tag="650" ind1="1" ind2="3">
    <subfield code="a">Flour</subfield>
    <subfield code="x">Zucchini  </subfield>
    <subfield code="2">atg</subfield>
  </datafield>
  <datafield tag="650" ind1="1" ind2="3">
    <subfield code="a">Food paste  </subfield>
    <subfield code="2">atg</subfield>
  </datafield>
  <datafield tag="650" ind1="1" ind2="3">
    <subfield code="a">Gluten</subfield>
    <subfield code="x">Free foods</subfield>
    <subfield code="2">atg</subfield>
  </datafield>
  <datafield tag="700" ind1="1" ind2=" ">
    <subfield code="a">Montoya Ballesteros, Luz del Carmen</subfield>
    <subfield code="e">directora</subfield>
  </datafield>
  <datafield tag="700" ind1="1" ind2=" ">
    <subfield code="a">Hern&#xE1;ndez Montes, Arturo</subfield>
    <subfield code="e">asesor</subfield>
  </datafield>
  <datafield tag="700" ind1="1" ind2=" ">
    <subfield code="a">Islas Rubio, Alma Rosa</subfield>
    <subfield code="e">asesora</subfield>
  </datafield>
  <datafield tag="856" ind1="4" ind2="1">
    <subfield code="u">http://10.13.5.2/tesis/sist113964.pdf</subfield>
    <subfield code="y">DESCARGAR PDF</subfield>
  </datafield>
  <datafield tag="901" ind1=" " ind2=" ">
    <subfield code="a">TESIS F562 2017</subfield>
  </datafield>
  <datafield tag="902" ind1=" " ind2=" ">
    <subfield code="a">M</subfield>
  </datafield>
  <datafield tag="905" ind1=" " ind2=" ">
    <subfield code="a">5232272017                          mx nmdl8223223122spa16</subfield>
  </datafield>
  <datafield tag="942" ind1=" " ind2=" ">
    <subfield code="c">TESIS</subfield>
    <subfield code="2">Clasificaci&#xF3;n Universidad Aut&#xF3;noma Chapingo</subfield>
  </datafield>
  <datafield tag="999" ind1=" " ind2=" ">
    <subfield code="c">177551</subfield>
    <subfield code="d">177551</subfield>
  </datafield>
  <datafield tag="952" ind1=" " ind2=" ">
    <subfield code="0">0</subfield>
    <subfield code="1">0</subfield>
    <subfield code="2">local</subfield>
    <subfield code="4">0</subfield>
    <subfield code="5">1</subfield>
    <subfield code="7">0</subfield>
    <subfield code="8">TESIS</subfield>
    <subfield code="a">IA_</subfield>
    <subfield code="b">IA_</subfield>
    <subfield code="d">2022-01-18</subfield>
    <subfield code="e">El autor</subfield>
    <subfield code="l">0</subfield>
    <subfield code="o">Tesis F562 2017</subfield>
    <subfield code="p">1101010821</subfield>
    <subfield code="r">2022-01-18 00:00:00</subfield>
    <subfield code="t">Ej. 2</subfield>
    <subfield code="y">CD</subfield>
  </datafield>
  <datafield tag="952" ind1=" " ind2=" ">
    <subfield code="0">0</subfield>
    <subfield code="1">0</subfield>
    <subfield code="2">local</subfield>
    <subfield code="4">0</subfield>
    <subfield code="5">1</subfield>
    <subfield code="7">0</subfield>
    <subfield code="8">TESIS</subfield>
    <subfield code="a">IA_</subfield>
    <subfield code="b">IA_</subfield>
    <subfield code="d">2022-01-18</subfield>
    <subfield code="e">El autor</subfield>
    <subfield code="l">0</subfield>
    <subfield code="o">Tesis F562 2017</subfield>
    <subfield code="p">1101010820</subfield>
    <subfield code="r">2026-02-02 00:00:00</subfield>
    <subfield code="t">Ej. 1</subfield>
    <subfield code="w">2022-01-18</subfield>
    <subfield code="y">TESIS</subfield>
  </datafield>
  <datafield tag="952" ind1=" " ind2=" ">
    <subfield code="0">0</subfield>
    <subfield code="1">0</subfield>
    <subfield code="2">local</subfield>
    <subfield code="4">0</subfield>
    <subfield code="7">0</subfield>
    <subfield code="8">TesDigL</subfield>
    <subfield code="a">IA_</subfield>
    <subfield code="b">IA_</subfield>
    <subfield code="c">E_L</subfield>
    <subfield code="d">2024-07-17</subfield>
    <subfield code="e">El autor</subfield>
    <subfield code="l">0</subfield>
    <subfield code="p">1201010820</subfield>
    <subfield code="r">2024-07-17 00:00:00</subfield>
    <subfield code="w">2024-07-17</subfield>
    <subfield code="y">TD</subfield>
  </datafield>
  <datafield tag="952" ind1=" " ind2=" ">
    <subfield code="0">0</subfield>
    <subfield code="1">0</subfield>
    <subfield code="2">local</subfield>
    <subfield code="4">0</subfield>
    <subfield code="5">5</subfield>
    <subfield code="7">0</subfield>
    <subfield code="8">TESIS</subfield>
    <subfield code="a">IA_</subfield>
    <subfield code="b">IA_</subfield>
    <subfield code="d">2026-02-12</subfield>
    <subfield code="e">El autor</subfield>
    <subfield code="l">0</subfield>
    <subfield code="o">Tesis F562 2017</subfield>
    <subfield code="p">1101016373</subfield>
    <subfield code="r">2026-02-12 12:01:52</subfield>
    <subfield code="t">Ej. 2</subfield>
    <subfield code="w">2026-02-12</subfield>
    <subfield code="y">TESIS</subfield>
  </datafield>
</record>
